=LDR 00000nam 2200000 4500 =001 INLIS000000000031019 =005 20130612133122 =008 ***********************************ind** =035 ##$$0010-061300000031019 =041 ##$$a ind =082 ##$$a 639.3 =090 ##$$a 639.3, Amr m =100 ##$$a Amir, Khairul =245 ##$$a Mengenal =260 ##$$a 2007 $b Jakarta =300 ##$$a ix,95 hlm, ilus, 21 cm =650 ##$$a Ikan Benih =850 ##$$a NBPNMAT